| 000 | 00590nam a2200193 a 4500 | ||
|---|---|---|---|
| 001 | 12173 | ||
| 003 | CO-ViMGA | ||
| 008 | 141112s2004 ck r 000 u spa d | ||
| 020 | _a8489171041 | ||
| 040 |
_aCO-ViMGA _bspa _cCO-ViMGA |
||
| 082 | 0 | 4 | _a346.066 B171 |
| 100 | 1 |
_aBarbancho, Francisco J., _917232 |
|
| 245 | 1 | 0 | _aLey 2/1995 de Sociedades de Responsabilidad Limitada |
| 260 |
_aBarcelona, _cCedes Editorial S.L, _c1995 |
||
| 300 | _a218 p. | ||
| 650 | 1 | 4 |
_aLey 2 de 1995, JURISPRUDENCIA ESPAÑOLA _917233 |
| 650 | 1 | 4 |
_aSOCIEDADES DE RESPONSABILIDAD LIMITADA _917234 |
| 942 |
_2ddc _cBK |
||
| 999 |
_c23187 _d23187 |
||